000 005700000a22001690004500
090 _aAR
_b02896
245 1 0 _aRole for restoration ecologists in endangered community conservation?
650 1 4 _aRestauración de ecosistemas
_996179
650 1 4 _aIdentificación de ecosistemas en peligro
_996402
650 1 4 _aEcología de comunidades
_93558
650 1 4 _aConservación
_992401
651 4 _dNueva Gales del Sur
_pAustralia
_992749
041 0 _aInglés
100 1 _aAdam, Paul
_996403
942 _cARTICULO
773 1 _tEcological Management
_31291
_h3
_q165-166
_d2001
_g2
999 _c11956
_d11956